000
00249 a2200085 4500
020
_a
9789384204242
100
_a
Council of Architecture
245
_a
Cultural resource mapping: A tool for strenghening the future
260
_b
Council of Architecture
_c
2023
999
_c
12653
_d
12653